[Event "Obninsk"]
[Site "Obninsk"]
[Date "2012.??.??"]
[Round "2"]
[White "Kushnerev, Oleg"]
[Black "Zajtzev, Alexander"]
[Result "1-0"]
[WhiteElo "1898"]
[BlackElo "1986"]
[PlyCount "61"]
[EventDate "2012.01.11"]
[EventType "tourn"]
[EventRounds "11"]
[EventCountry "RUS"]
[SourceTitle "EXT 2014"]
[Source "ChessBase"]
[SourceDate "2013.11.20"]
[SourceVersion "1"]
[SourceVersionDate "2013.11.20"]
[SourceQuality "1"]

1. d4 b5 2. Nf3 Bb7 3. g3 e6 4. Bg2 c5 5. c3 Nc6 6. 0-0 Nf6 7. Bg5 h6 8. Bxf6 Qxf6 9. e4 g5 10. d5 Ne5 11. Nxe5 Qxe5 12. f4 gxf4 13. Rxf4 h5 14. Qf1 h4 15. Qxb5 hxg3 16. hxg3 Rb8 17. Qd3 Rg8 18. Na3 Bh6 19. Nc4 Qc7 20. Rf3 Ba6 21. dxe6 Bxc4 22. exd7+ Kd8 23. Qxc4 Rxg3 24. Qxf7 Rxg2+ 25. Kxg2 Rxb2+ 26. Rf2 Rxf2+ 27. Qxf2 Qc6 28. Qh4+ Kxd7 29. Rd1+ Ke8 30. Qd8+ Kf7 31. Rd7+ 1-0

[Event "Obninsk"]
[Site "Obninsk"]
[Date "2012.??.??"]
[Round "5"]
[White "Zajtzev, Alexander"]
[Black "Loginov, Anton"]
[Result "0-1"]
[WhiteElo "1986"]
[BlackElo "2187"]
[PlyCount "48"]
[EventDate "2012.01.11"]
[EventType "tourn"]
[EventRounds "11"]
[EventCountry "RUS"]
[SourceTitle "EXT 2014"]
[Source "ChessBase"]
[SourceDate "2013.11.20"]
[SourceVersion "1"]
[SourceVersionDate "2013.11.20"]
[SourceQuality "1"]

1. c4 e5 2. e3 Nf6 3. g3 d5 4. Bg2 Nc6 5. cxd5 Nxd5 6. Ne2 Ndb4 7. 0-0 Bf5 8. Na3 Bd3 9. b3 Qd7 10. f4 e4 11. Rf2 f5 12. Nc3 0-0-0 13. Bf1 g6 14. Nc4 Bg7 15. Nb2 Nc2 16. Rb1 Bxf1 17. Qxf1 Na3 18. Ra1 Nb4 19. Nc4 Nxc4 20. Qxc4 Nd3 21. Re2 b5 22. Nxb5 Bxa1 23. Ba3 Kb7 24. Re1 a6 0-1

[Event "Obninsk"]
[Site "Obninsk"]
[Date "2012.??.??"]
[Round "11"]
[White "Zajtzev, Alexander"]
[Black "Shon, Vitaly"]
[Result "1-0"]
[WhiteElo "1986"]
[BlackElo "1948"]
[PlyCount "137"]
[EventDate "2012.01.11"]
[EventType "tourn"]
[EventRounds "11"]
[EventCountry "RUS"]
[SourceTitle "EXT 2014"]
[Source "ChessBase"]
[SourceDate "2013.11.20"]
[SourceVersion "1"]
[SourceVersionDate "2013.11.20"]
[SourceQuality "1"]

1. f4 d5 2. Nf3 Nf6 3. e3 g6 4. Bb5+ c6 5. Ba4 Bg7 6. 0-0 0-0 7. Qe2 Nbd7 8. d3 Qc7 9. c4 e5 10. Nc3 exf4 11. exf4 Nc5 12. Bc2 Bg4 13. Qf2 b6 14. Ne5 Bf5 15. Be3 Qd6 16. b4 Ncd7 17. c5 bxc5 18. Bxc5 Nxc5 19. bxc5 Qc7 20. Ne2 Ng4 21. Nxg4 Bxg4 22. Rab1 Rab8 23. Nd4 Bd7 24. Rfe1 Rxb1 25. Bxb1 Re8 26. Rxe8+ Bxe8 27. Nb3 Qe7 28. Kf1 Bd7 29. Bc2 h5 30. Qd2 Bh6 31. g3 h4 32. Qe2 Qf6 33. Qe5 Kg7 34. Kf2 g5 35. Kf3 gxf4 36. gxf4 Qxe5 37. fxe5 f6 38. e6 Bxe6 39. Nd4 Kf7 40. Nxc6 a6 41. Nb4 a5 42. Nc6 Bd2 43. Bb3 Ke8 44. Nd4 Kd7 45. Ba4+ Ke7 46. Ne2 Bb4 47. d4 Bf5 48. Nf4 Be4+ 49. Ke3 Bc3 50. Bc6 Bb2 51. Bxd5 Bb1 52. Ne2 f5 53. Bc4 Kf6 54. Bb3 Be4 55. Bc4 Bb1 56. a4 Bc2 57. Bb5 Bb3 58. Kd3 Bd1 59. Nf4 Bf3 60. c6 Ba3 61. c7 Bb7 62. Nd5+ Ke6 63. Nb6 Bd6 64. Bd7+ Ke7 65. c8Q Bxc8 66. Bxc8 Bxh2 67. Bxf5 Kf6 68. Bh3 Kg5 69. Ke4 1-0

[Event "Obninsk"]
[Site "Obninsk"]
[Date "2012.??.??"]
[Round "9"]
[White "Zajtzev, Alexander"]
[Black "Smirnov, Egor"]
[Result "1-0"]
[WhiteElo "1986"]
[BlackElo "1877"]
[PlyCount "59"]
[EventDate "2012.01.11"]
[EventType "tourn"]
[EventRounds "11"]
[EventCountry "RUS"]
[SourceTitle "EXT 2014"]
[Source "ChessBase"]
[SourceDate "2013.11.20"]
[SourceVersion "1"]
[SourceVersionDate "2013.11.20"]
[SourceQuality "1"]

1. e4 e5 2. Nf3 Nc6 3. Bb5 d6 4. c3 Bd7 5. Ba4 Nge7 6. d3 g6 7. h3 Bg7 8. g4 h5 9. g5 Qc8 10. h4 a6 11. Nbd2 Bg4 12. Nf1 b5 13. Bc2 0-0 14. Ne3 b4 15. Rg1 Bxf3 16. Qxf3 bxc3 17. bxc3 f6 18. gxf6 Rxf6 19. Qe2 Qh3 20. Bb3+ Kh7 21. Nd5 Qxh4 22. Bg5 Qh2 23. Nxf6+ Bxf6 24. 0-0-0 Rf8 25. Be3 Qh3 26. Rh1 Qd7 27. Rxh5+ Kg7 28. Bh6+ Kh7 29. Bxf8+ gxh5 30. Qxh5# 1-0